[Event "41st Olympiad Women 2014"]
[Site "Tromso NOR"]
[Date "2014.08.08"]
[Round "6.19"]
[Board "3"]
[White "Sikorova, Olga"]
[Black "Isgandarova, Khayala"]
[Result "1-0"]
[WhiteTitle "WGM"]
[BlackTitle "WIM"]
[WhiteElo "2289"]
[BlackElo "2190"]
[WhiteTeam "Czech Republic"]
[BlackTeam "Turkey"]
[WhiteFideId "307033"]
[BlackFideId "13401823"]
[EventDate "2014.08.02"]

1. d4 Nf6 2. Nc3 d5 3. Bg5 e6 4. e4 Be7 5. e5 Nfd7 6. Bxe7 Qxe7 7. f4 a6 8. Nf3
c5 9. dxc5 Qxc5 10. Qd2 Nc6 11. Bd3 b5 12. h4 f6 13. O-O-O fxe5 14. fxe5 Ndxe5
15. Nxe5 Nxe5 16. Rhf1 Nf7 17. Qe2 O-O 18. Ne4 Qe7 19. Kb1 Ne5 20. Rxf8+ Qxf8
21. Rf1 Qe7 22. Ng5 Nxd3 23. Qxd3 g6 24. Qc3 Bd7 25. Rf7 Qxf7 26. Nxf7 Kxf7 27.
Qc7 Ke7 28. Qc5+ Kf7 29. Qd6 Be8 30. Qc7+ Kg8 31. Qb7 Rd8 32. Qxa6 Bd7 33. b3
Rf8 34. Kb2 Rf7 35. Qd6 Kg7 36. Kc3 Kf6 37. Kd4 Be8 38. g4 h6 39. c3 Bd7 40. a3
Kg7 41. Qe5+ Kh7 42. Kc5 Kg8 43. Kd6 Bc8 44. Qd4 Bd7 45. a4 bxa4 46. bxa4 Bc8
47. Qb6 Kg7 48. Ke5 h5 49. gxh5 gxh5 50. a5 d4 51. Qxd4 Rf5+ 52. Kd6+ Kg6 53.
Qb6 Rf7 54. a6 Rd7+ 55. Kc6 Rd1 56. a7 Ra1 57. Kc7 1-0

[Event "41st Olympiad Women 2014"]
[Site "Tromso NOR"]
[Date "2014.08.08"]
[Round "6.19"]
[Board "4"]
[White "Topel, Zehra"]
[Black "Novosadova, Kristyna"]
[Result "1/2-1/2"]
[WhiteTitle "WIM"]
[WhiteElo "2156"]
[BlackElo "2174"]
[WhiteTeam "Turkey"]
[BlackTeam "Czech Republic"]
[WhiteFideId "6302661"]
[BlackFideId "328065"]
[EventDate "2014.08.02"]

1. d4 d5 2. Nf3 Nf6 3. c4 c6 4. e3 e6 5. Nbd2 Nbd7 6. Bd3 dxc4 7. Nxc4 b5 8.
Nce5 Bb7 9. Qb3 Nxe5 10. Nxe5 Qd5 11. Qxd5 Nxd5 12. Bd2 a6 13. Rc1 Rc8 14. O-O
c5 15. dxc5 Bxc5 16. a3 f6 17. Nf3 O-O 18. Bb1 Nb6 19. Ba5 Nc4 20. Bc3 Bd5 21.
Rfd1 Rfd8 22. Ne1 Bf8 23. Nc2 a5 24. b3 Nxa3 25. Bxa5 Re8 26. Nxa3 Bxa3 27. Rxc8
Rxc8 28. b4 Bb3 29. Re1 Rc3 30. f4 Bc4 31. Rd1 Bc1 32. Bb6 Bxe3+ 33. Bxe3 Rxe3
34. Rd8+ Kf7 35. Bxh7 Rb3 36. Rd7+ Kf8 37. Bg6 e5 38. Rd8+ Ke7 39. Rb8 exf4 40.
Rb7+ Kf8 41. Rb8+ Ke7 42. Rb7+ Ke6 43. h4 f5 44. Be8 Rg3 45. Kf2 Rxg2+ 46. Kxg2
Bd5+ 47. Kf2 Bxb7 48. Bxb5 Ke5 49. Be8 Kd4 50. b5 Kc5 51. Ke2 1/2-1/2

[Event "41st Olympiad Women 2014"]
[Site "Tromso NOR"]
[Date "2014.08.08"]
[Round "6.20"]
[Board "1"]
[White "Srebrnic, Ana"]
[Black "Heredia Serrano, Carla"]
[Result "1/2-1/2"]
[WhiteTitle "WGM"]
[BlackTitle "WGM"]
[WhiteElo "2251"]
[BlackElo "2168"]
[WhiteTeam "Slovenia"]
[BlackTeam "Ecuador"]
[WhiteFideId "14603314"]
[BlackFideId "3603687"]
[EventDate "2014.08.02"]

1. e4 e6 2. Qe2 Nc6 3. Nf3 e5 4. c3 Nf6 5. g3 d5 6. d3 dxe4 7. dxe4 a5 8. Bg2
Bc5 9. O-O O-O 10. Nbd2 b6 11. Nc4 Ba6 12. a4 Qe7 13. Bh3 Ne8 14. Nh4 Nd6 15.
Nf5 Nxf5 16. Bxf5 Rfd8 17. b3 Rd6 18. h4 Rad8 19. Kg2 h6 20. Bg4 Rd3 21. Qc2
Bxc4 22. bxc4 Qf6 23. Ra2 Ne7 24. Be2 R3d7 25. Bg4 Rd3 26. Be2 R3d7 27. Bg4 Rd3 1/2-1/2

[Event "41st Olympiad Women 2014"]
[Site "Tromso NOR"]
[Date "2014.08.08"]
[Round "6.20"]
[Board "2"]
[White "Bosch Garcia, Jacqueline"]
[Black "Krivec, Jana"]
[Result "1/2-1/2"]
[WhiteTitle "WFM"]
[BlackTitle "WGM"]
[WhiteElo "2173"]
[BlackElo "2259"]
[WhiteTeam "Ecuador"]
[BlackTeam "Slovenia"]
[WhiteFideId "3503844"]
[BlackFideId "14601982"]
[EventDate "2014.08.02"]

1. e4 e5 2. Nf3 Nc6 3. Bb5 a6 4. Ba4 d6 5. O-O Bd7 6. d4 Nxd4 7. Bxd7+ Qxd7 8.
Nxd4 exd4 9. Qxd4 Ne7 10. Nc3 Nc6 11. Qd3 Be7 12. Nd5 O-O 13. Qg3 Kh8 14. b3 f5
15. Bb2 Rf7 16. Rae1 Bf8 17. Qh3 fxe4 18. Qxd7 Rxd7 19. Rxe4 Ne7 20. Nf4 d5 21.
Re5 c6 22. Rfe1 Kg8 23. h4 g6 24. Ba3 Re8 25. g4 Kf7 26. Ne6 h6 27. f4 b6 28. f5
gxf5 29. Nxf8 Kxf8 30. gxf5 Kf7 31. Re6 Rg8+ 32. Kh2 Nxf5 33. Rxc6 Nd4 34. Rf1+
Ke8 35. Rxb6 Nxc2 36. Rxa6 d4 37. Ra8+ Rd8 38. Rxd8+ Kxd8 39. Rf8+ Rxf8 40. Bxf8
Ne3 41. Kg3 d3 42. Bb4 d2 43. Bxd2 Nf1+ 44. Kg4 Nxd2 45. Kh5 Nf3 46. b4 Kc7 47.
a4 Kb6 48. Kg4 Ne5+ 49. Kf5 Nf3 50. Kg4 Ne5+ 51. Kf5 Nf3 52. Kf4 1/2-1/2

[Event "41st Olympiad Women 2014"]
[Site "Tromso NOR"]
[Date "2014.08.08"]
[Round "6.20"]
[Board "3"]
[White "Kolaric, Spela"]
[Black "Romero Echeverria, Abigail"]
[Result "1-0"]
[WhiteTitle "WFM"]
[BlackTitle "WFM"]
[WhiteElo "2043"]
[BlackElo "2098"]
[WhiteTeam "Slovenia"]
[BlackTeam "Ecuador"]
[WhiteFideId "14607093"]
[BlackFideId "3603806"]
[EventDate "2014.08.02"]

1. d4 Nf6 2. c4 g6 3. g3 Bg7 4. Bg2 O-O 5. Nc3 d6 6. Nf3 a6 7. O-O c5 8. dxc5
dxc5 9. Be3 Qa5 10. Qa4 Nc6 11. Rad1 Re8 12. Qxa5 Nxa5 13. Bxc5 Nxc4 14. b3 Na5
15. Na4 Nd7 16. Be3 Nc6 17. Rd2 Rb8 18. Rfd1 b5 19. Ne1 Nce5 20. Nc5 Nxc5 21.
Bxc5 Bb7 22. Bxb7 Rxb7 23. Rd8 Kf8 24. Ng2 Nc6 25. R8d7 Rxd7 26. Rxd7 Bf6 27.
Ne3 Rd8 28. Rxd8+ Nxd8 29. Nd5 Nb7 30. Bb4 Ke8 31. Nc7+ Kd7 32. Nxa6 Kc6 33. Bd2
e6 34. Kf1 Nd6 35. f3 Nf5 36. e3 Ne7 37. Ke2 h5 38. Kd3 h4 39. Nb4+ Kb6 40. e4
h3 41. f4 Ng8 42. Be3+ Kb7 43. Ke2 Bc3 44. Nd3 Kc6 45. Nf2 Nf6 46. Kf3 Nd7 47.
Nxh3 f5 48. Ng5 Kd6 49. g4 Nb8 50. gxf5 exf5 51. e5+ Kd5 52. Nh7 Nd7 53. Ng5 Bb4
54. Ke2 Nf8 55. Kd3 Be7 56. Nf3 Ne6 57. a4 bxa4 58. bxa4 Bb4 59. Nh4 g5 60. fxg5
Kxe5 61. Ng6+ Kd6 62. h4 Ng7 63. Nf4 Kd7 64. h5 Bf8 65. h6 Ne8 66. Ng6 1-0

[Event "41st Olympiad Women 2014"]
[Site "Tromso NOR"]
[Date "2014.08.08"]
[Round "6.20"]
[Board "4"]
[White "Moncayo Romero, Evelyn"]
[Black "Unuk, Laura"]
[Result "1/2-1/2"]
[WhiteTitle "WIM"]
[BlackTitle "WFM"]
[WhiteElo "2119"]
[BlackElo "2221"]
[WhiteTeam "Ecuador"]
[BlackTeam "Slovenia"]
[WhiteFideId "3600424"]
[BlackFideId "14609215"]
[EventDate "2014.08.02"]

1. e4 e6 2. d4 d5 3. Nd2 c5 4. exd5 Qxd5 5. Ngf3 cxd4 6. Bc4 Qd7 7. O-O Nc6 8.
Nb3 Nf6 9. Qe2 Qc7 10. Bg5 a6 11. a4 Bd6 12. Rfd1 h6 13. Bxf6 gxf6 14. Nbxd4
Nxd4 15. Nxd4 Be5 16. Nf3 Bxb2 17. Rab1 Ba3 18. Rb3 Be7 19. Rdb1 Rg8 20. h3 Qa5
21. Qe4 Qc5 22. Qh7 Rf8 23. Bd3 Bd8 24. Qxh6 Bd7 25. Nd2 Bxa4 26. Rxb7 Bc6 27.
Ne4 Qe5 28. R7b4 f5 29. Ng3 Bc7 30. Bxf5 Rh8 31. Qd2 Rd8 32. Bd3 Ba5 33. Qf4
Qxf4 34. Rxf4 Rg8 35. Ne4 Ke7 36. Bxa6 Bc7 37. Rh4 Rd4 38. Bd3 f5 39. Rh7+ Kd8
40. Ng3 f4 41. Ne2 Rd7 42. Rxd7+ Kxd7 43. f3 Bxf3 44. Kf2 Bxg2 45. Nxf4 Bxf4 46.
Rg1 Rg3 47. Rxg2 Rxh3 48. Rg4 1/2-1/2

[Event "41st Olympiad Women 2014"]
[Site "Tromso NOR"]
[Date "2014.08.08"]
[Round "6.22"]
[Board "1"]
[White "Baklanova, Tatiana"]
[Black "Golubenko, Valentina"]
[Result "1-0"]
[WhiteTitle "WIM"]
[BlackTitle "WGM"]
[WhiteElo "2229"]
[BlackElo "2269"]
[WhiteTeam "ICCD"]
[BlackTeam "Croatia"]
[WhiteFideId "14100754"]
[BlackFideId "4501993"]
[EventDate "2014.08.02"]

1. d4 Nf6 2. Bg5 e6 3. e4 Be7 4. e5 Nd5 5. Bxe7 Qxe7 6. Qd2 O-O 7. c4 Nb6 8. Nf3
d6 9. Bd3 dxe5 10. dxe5 Nc6 11. O-O Rd8 12. Qe2 Nd4 13. Nxd4 Rxd4 14. Rd1 c5 15.
Nd2 Rh4 16. Nf3 Rh6 17. Be4 Nd7 18. Rd2 Rb8 19. Rad1 a6 20. a4 f5 21. exf6 Rxf6
22. Rd6 e5 23. R6d5 g6 24. h3 Re6 25. Qd3 Nf6 26. Rd8+ Kg7 27. Ng5 Rb6 28. Rd2
h6 29. a5 Rb4 30. Qg3 Nh5 31. Qf3 hxg5 32. Bxg6 Kxg6 33. Rg8+ Ng7 34. Rdd8 e4
35. Qg3 e3 36. fxe3 Ra8 37. h4 Rxb2 38. h5+ Kxh5 39. Rd6 Be6 40. Rxa8 Nf5 41.
Qh3+ Kg6 42. Rg8+ Kf6 43. Qh8+ Kf7 44. Qh7+ Kf6 45. Rg6+ Ke5 46. Qh2+ Ng3 47.
Qxg3+ Kf5 48. Rdxe6 Rb1+ 49. Kh2 1-0

[Event "41st Olympiad Women 2014"]
[Site "Tromso NOR"]
[Date "2014.08.08"]
[Round "6.22"]
[Board "2"]
[White "Franciskovic, Borka"]
[Black "Mucha, Annegret"]
[Result "1-0"]
[WhiteTitle "WIM"]
[BlackTitle "WCM"]
[WhiteElo "2318"]
[BlackElo "2008"]
[WhiteTeam "Croatia"]
[BlackTeam "ICCD"]
[WhiteFideId "14507943"]
[BlackFideId "24622788"]
[EventDate "2014.08.02"]

1. Nf3 Nf6 2. c4 e6 3. g3 b6 4. Bg2 Bb7 5. O-O Be7 6. d4 O-O 7. Re1 d5 8. cxd5
exd5 9. Nc3 Nbd7 10. Bf4 Ne4 11. Qc2 Nxc3 12. bxc3 Re8 13. c4 c5 14. cxd5 Bxd5
15. dxc5 Rc8 16. Rad1 Rxc5 17. Qb1 Qc8 18. e4 Be6 19. Nd4 Nf8 20. Nf5 Ng6 21.
Nxe7+ Nxe7 22. Bd6 Rc4 23. Bf1 Rc3 24. Qb4 Ng6 25. Ba6 Rxg3+ 26. hxg3 Qxa6 27.
a3 Bg4 28. Rc1 h5 29. Qc4 Qa5 30. Qc3 Qa4 31. Qc6 Qxc6 32. Rxc6 h4 33. Rc7 Bf3
34. e5 a5 35. Kh2 Kh7 36. gxh4 Nxh4 37. Kg3 g5 38. Rxf7+ Kg6 39. Rxf3 1-0

[Event "41st Olympiad Women 2014"]
[Site "Tromso NOR"]
[Date "2014.08.08"]
[Round "6.22"]
[Board "3"]
[White "Myronenko, Natalya"]
[Black "Jelica, Mara"]
[Result "0-1"]
[BlackTitle "WIM"]
[WhiteElo "1942"]
[BlackElo "2184"]
[WhiteTeam "ICCD"]
[BlackTeam "Croatia"]
[WhiteFideId "14124530"]
[BlackFideId "14504111"]
[EventDate "2014.08.02"]

1. e4 c5 2. Nf3 Nc6 3. d4 cxd4 4. Nxd4 g6 5. Be2 Bg7 6. Be3 Nf6 7. Nc3 O-O 8.
O-O d6 9. Nb3 a5 10. a4 Nb4 11. Nd4 Bd7 12. f3 Bc6 13. Ncb5 Bd7 14. c3 Nc6 15.
Qc1 d5 16. exd5 Nxd5 17. Bh6 Nxd4 18. Nxd4 e5 19. Bxg7 Kxg7 20. Nb5 Nf4 21. Re1
Qb6+ 22. Kh1 Nxe2 23. Rxe2 Bxb5 24. axb5 Qxb5 25. Qe1 Rfe8 26. h3 b6 27. b4 axb4
28. Rxa8 Rxa8 29. Rxe5 Ra1 30. Qxa1 Qxe5 31. Qa6 bxc3 32. Qxb6 c2 33. Qc6 Qa1+ 0-1

[Event "41st Olympiad Women 2014"]
[Site "Tromso NOR"]
[Date "2014.08.08"]
[Round "6.22"]
[Board "4"]
[White "Deur Saric, Zrinka"]
[Black "Gerasimova, Olga"]
[Result "0-1"]
[WhiteTitle "WFM"]
[BlackTitle "WIM"]
[WhiteElo "2113"]
[BlackElo "2045"]
[WhiteTeam "Croatia"]
[BlackTeam "ICCD"]
[WhiteFideId "14512670"]
[BlackFideId "24109622"]
[EventDate "2014.08.02"]

1. e4 c5 2. Nf3 Nc6 3. d4 cxd4 4. Nxd4 g6 5. Nc3 Bg7 6. Be3 Nf6 7. Bc4 Qa5 8.
O-O O-O 9. Nb3 Qc7 10. Bg5 e6 11. Be2 a6 12. f4 b5 13. a3 Bb7 14. Bf3 h6 15.
Bxf6 Bxf6 16. e5 Be7 17. Ne4 Rfd8 18. Nd6 Bxd6 19. Qxd6 Qxd6 20. exd6 Ra7 21.
Rad1 Rc8 22. Rd2 Nd8 23. g4 Bxf3 24. Rxf3 Nb7 25. Rfd3 Raa8 26. Nc1 Rc4 27. Ne2
Rac8 28. c3 Kg7 29. h3 R8c6 30. f5 Nc5 31. Rf3 Ne4 32. Rd1 Rxd6 33. Rxd6 Nxd6
34. fxg6 fxg6 35. Rd3 Rc6 36. Nd4 Rb6 37. Nb3 Rc6 38. Nd4 Rb6 39. Nb3 Kf7 40.
Nc5 Ke7 41. Kg2 Rc6 42. b4 a5 43. Kf3 a4 44. g5 h5 45. Ke2 Rc7 46. Rf3 Nf5 47.
Kd2 d6 48. Ne4 Rc4 49. Kd3 e5 50. Rf1 Rxe4 51. Kxe4 Ng3+ 52. Kd5 Nxf1 0-1

[Event "41st Olympiad Women 2014"]
[Site "Tromso NOR"]
[Date "2014.08.08"]
[Round "6.23"]
[Board "1"]
[White "Schleining, Zoya"]
[Black "Bakri, Alia Anin Azwa"]
[Result "1-0"]
[WhiteTitle "WGM"]
[BlackTitle "WFM"]
[WhiteElo "2369"]
[BlackElo "1964"]
[WhiteTeam "Germany"]
[BlackTeam "Malaysia"]
[WhiteFideId "4671660"]
[BlackFideId "5702712"]
[EventDate "2014.08.02"]

1. d4 e6 2. c4 Nf6 3. Nf3 b6 4. a3 Bb7 5. Nc3 d5 6. cxd5 Nxd5 7. Bd2 c5 8. e4
Nf6 9. Bb5+ Nbd7 10. Bg5 a6 11. Bxf6 gxf6 12. Ba4 b5 13. Bc2 cxd4 14. Nxd4 Nc5
15. O-O Bg7 16. Qg4 O-O 17. Rad1 Qe7 18. f4 Rfd8 19. Qh4 Qf8 20. b4 Nd7 21. Rd3
h6 22. Rfd1 Rac8 23. Bb3 Nb6 24. Nxe6 fxe6 25. Bxe6+ Kh8 26. Bxc8 Rxc8 27. Qf2
Nc4 28. Qa7 Nb2 29. Qxb7 Nxd1 30. Nxd1 Rd8 31. Rxd8 Qxd8 32. Qd5 Qb6+ 33. Kf1
Qc7 34. g3 Qc2 35. Kg1 Qe2 36. Nf2 Qc2 37. Qa8+ Kh7 38. Qxa6 Qc4 39. Kg2 h5 40.
a4 Qxb4 41. Qxb5 Qc3 42. Qxh5+ Kg8 43. Qd5+ Kh8 44. Qa8+ Kh7 45. a5 Qa3 46. a6
Bf8 47. Qb7+ 1-0

[Event "41st Olympiad Women 2014"]
[Site "Tromso NOR"]
[Date "2014.08.08"]
[Round "6.23"]
[Board "2"]
[White "Tan, Li Ting"]
[Black "Melamed, Tatjana"]
[Result "0-1"]
[WhiteTitle "WCM"]
[BlackTitle "WGM"]
[WhiteElo "1945"]
[BlackElo "2364"]
[WhiteTeam "Malaysia"]
[BlackTeam "Germany"]
[WhiteFideId "5704820"]
[BlackFideId "14102145"]
[EventDate "2014.08.02"]

1. d4 Nf6 2. c4 g6 3. Nc3 Bg7 4. e4 d6 5. Be2 O-O 6. Bg5 c5 7. d5 h6 8. Bf4 a6
9. Qd2 Kh7 10. h4 b5 11. cxb5 axb5 12. Bxb5 Ba6 13. Bxa6 Nxa6 14. Nge2 Nb4 15.
O-O Qc8 16. f3 Qa6 17. Rfd1 c4 18. Be3 Nd7 19. Nd4 Nc5 20. Ncb5 Qa4 21. b3 cxb3
22. axb3 Qxa1 23. Rxa1 Rxa1+ 24. Kh2 Ncd3 25. Nc6 Ra2 26. Qd1 Rfa8 27. Nxb4 Nxb4
28. Bd4 Nc2 29. Bxg7 Ne3 30. Qd4 Rxg2+ 31. Kh3 Raa2 32. Be5 dxe5 33. Qxe5 Nf1
34. Qc7 h5 0-1

[Event "41st Olympiad Women 2014"]
[Site "Tromso NOR"]
[Date "2014.08.08"]
[Round "6.23"]
[Board "3"]
[White "Ohme, Melanie"]
[Black "Azman Hisham, Nur Najiha"]
[Result "1-0"]
[WhiteTitle "WGM"]
[BlackTitle "WFM"]
[WhiteElo "2301"]
[BlackElo "1886"]
[WhiteTeam "Germany"]
[BlackTeam "Malaysia"]
[WhiteFideId "4690745"]
[BlackFideId "5704685"]
[EventDate "2014.08.02"]

1. e4 c5 2. Nf3 e6 3. d4 cxd4 4. Nxd4 a6 5. Bd3 Nf6 6. O-O Qc7 7. Qe2 Bd6 8. h3
Nc6 9. Nb3 Bf4 10. N1d2 h5 11. a4 Ne5 12. Nf3 Nxf3+ 13. Qxf3 Bxc1 14. Rfxc1 Qe5
15. c3 g5 16. Nd2 g4 17. Qe3 d5 18. f4 gxf3 19. Nxf3 Qg3 20. e5 Rg8 21. Rc2 Nd7
22. Kh1 b6 23. a5 b5 24. Rf1 Bb7 25. Re2 Rc8 26. Qh6 d4 27. cxd4 Bxf3 28. Rxf3
Qg5 29. Qxg5 Rxg5 30. Rc2 Rxc2 31. Bxc2 Nb8 32. Be4 Ke7 33. Kg1 Rg8 34. Kf2 Rd8
35. Ke3 Rc8 36. Rf1 Rc4 37. Bf3 Nc6 38. Bxh5 Nd8 39. Bd1 Nc6 40. Bh5 Nd8 41. Bf3
Rb4 42. Rf2 Rb3+ 43. Kf4 Rb4 44. Rd2 f6 45. exf6+ Kxf6 46. Be4 Ra4 47. g4 Nf7
48. h4 Nd6 49. g5+ Kg7 50. b3 Rxa5 51. h5 Nxe4 52. Kxe4 Ra1 53. Rc2 Re1+ 54. Kf4
Rf1+ 55. Ke5 Rf5+ 56. Kxe6 Rxg5 57. d5 Rxh5 58. d6 Rh3 59. Rd2 Re3+ 60. Kf5 Rf3+
61. Ke4 Rf8 62. d7 Rd8 63. Ke5 Kf7 64. Ke4 1-0

[Event "41st Olympiad Women 2014"]
[Site "Tromso NOR"]
[Date "2014.08.08"]
[Round "6.23"]
[Board "4"]
[White "Azhar, Puteri Rifqah Fahada"]
[Black "Hoolt, Sarah"]
[Result "1/2-1/2"]
[BlackTitle "WGM"]
[WhiteElo "1860"]
[BlackElo "2318"]
[WhiteTeam "Malaysia"]
[BlackTeam "Germany"]
[WhiteFideId "5702879"]
[BlackFideId "24606812"]
[EventDate "2014.08.02"]

1. d4 Nf6 2. Nf3 c5 3. c3 d5 4. Bf4 Nc6 5. e3 Qb6 6. Qb3 c4 7. Qxb6 axb6 8. Na3
Bf5 9. Nh4 Bd7 10. Nb5 Ra5 11. a4 Na7 12. Nc7+ Kd8 13. Na8 g5 14. Bc7+ Kc8 15.
Bxb6 Ra6 16. Bxa7 gxh4 17. Nb6+ Kc7 18. Nxd7 Nxd7 19. Bc5 Nxc5 20. dxc5 Ra5 21.
Be2 e6 22. e4 dxe4 23. Bxc4 Rxc5 24. Bb3 Rg8 25. g3 Rf5 26. Ke2 Bc5 27. Raf1 h3
28. Bc2 Rg4 29. f3 exf3+ 30. Rxf3 Re5+ 31. Kd2 f5 32. b4 Ba7 33. Bd3 h5 34. a5
f4 35. Bf1 Re3 36. Rxe3 fxe3+ 37. Ke2 Rc4 38. b5 Bc5 39. Kd3 Ra4 40. Bxh3 Kd6
41. a6 bxa6 42. bxa6 Rxa6 43. g4 h4 44. g5 Ke5 45. Rg1 Ra7 46. g6 Rd7+ 47. Ke2
Rd2+ 48. Ke1 Ra2 49. Rg2 Rxg2 50. Bxg2 Kf6 51. Be4 h3 52. Bf3 Bd6 53. Bg4 Bxh2
54. Bxh3 Kxg6 55. Bxe6 Be5 56. Ke2 Bxc3 57. Kxe3 1/2-1/2

[Event "41st Olympiad Women 2014"]
[Site "Tromso NOR"]
[Date "2014.08.08"]
[Round "6.24"]
[Board "1"]
[White "Richmond, Jane"]
[Black "Kurbonboeva, Sarvinoz"]
[Result "1/2-1/2"]
[WhiteTitle "WFM"]
[BlackTitle "WFM"]
[WhiteElo "2085"]
[BlackElo "2228"]
[WhiteTeam "Wales"]
[BlackTeam "Uzbekistan"]
[WhiteFideId "1800183"]
[BlackFideId "14201780"]
[EventDate "2014.08.02"]

1. e4 c5 2. Nc3 Nc6 3. Bb5 g6 4. Bxc6 dxc6 5. f4 Bg7 6. Nf3 Nf6 7. O-O c4 8. Qe1
b5 9. b3 b4 10. e5 bxc3 11. exf6 Bxf6 12. dxc3 cxb3 13. axb3 c5 14. Ba3 Qc7 15.
Qe3 c4 16. Ne5 cxb3 17. cxb3 O-O 18. Bc5 Be6 19. b4 a6 20. Rfe1 Qb7 21. Ra5 Rfd8
22. Bd4 Bg7 23. Rea1 Bd5 24. Qe2 f6 25. Ng4 Qc8 26. Rc5 Qb7 27. Raa5 Bf7 28. Nf2
Rd6 29. Qe4 Qb8 30. Nd3 Qd8 31. Rc6 f5 32. Rxd6 fxe4 33. Rxd8+ Rxd8 34. Ne5 Rd6
35. Rc5 Be6 36. Rc7 Kf8 37. Kf2 Ke8 38. Ke3 Bxe5 39. fxe5 Rd8 40. c4 Rc8 41.
Rxc8+ Bxc8 42. g3 Be6 43. Kxe4 1/2-1/2

[Event "41st Olympiad Women 2014"]
[Site "Tromso NOR"]
[Date "2014.08.08"]
[Round "6.24"]
[Board "2"]
[White "Baymuratova, Sevara"]
[Black "Smith, Olivia"]
[Result "1/2-1/2"]
[WhiteTitle "WFM"]
[BlackTitle "WFM"]
[WhiteElo "2127"]
[BlackElo "1968"]
[WhiteTeam "Uzbekistan"]
[BlackTeam "Wales"]
[WhiteFideId "14202182"]
[BlackFideId "411850"]
[EventDate "2014.08.02"]

1. d4 d5 2. c4 e6 3. Nc3 Nf6 4. Bg5 Be7 5. e3 O-O 6. Nf3 h6 7. Bh4 Ne4 8. Bxe7
Qxe7 9. Bd3 Nxc3 10. bxc3 dxc4 11. Bxc4 c5 12. O-O b6 13. Qe2 Bb7 14. e4 Nd7 15.
Rad1 Nf6 16. Bd3 c4 17. Bb1 Rfc8 18. Ne5 b5 19. f4 a5 20. Rf3 b4 21. Nxc4 Qc7
22. Ne5 bxc3 23. Bc2 Ba6 24. Qe1 Rab8 25. Nd3 Nd7 26. f5 e5 27. Nxe5 Nxe5 28.
dxe5 Rb2 29. Rf2 Qxe5 30. Rd5 Qc7 31. f6 Bc4 32. Qxc3 Bxd5 33. Qxb2 Be6 34. e5
Rb8 35. Qd4 Rb4 36. Qd3 g6 37. Qe3 Kh7 38. h3 Rb5 39. Re2 Rc5 40. Bb3 Rc3 41.
Qf2 Bxb3 42. axb3 Rxb3 43. Re1 Qb6 44. Rd1 g5 45. Rd4 Rb4 46. Qf5+ Kg8 47. Qc8+
Kh7 1/2-1/2

[Event "41st Olympiad Women 2014"]
[Site "Tromso NOR"]
[Date "2014.08.08"]
[Round "6.24"]
[Board "3"]
[White "Blackburn, Suzie G."]
[Black "Kakhramonova, Mokhinur"]
[Result "0-1"]
[WhiteTitle "WFM"]
[WhiteElo "1971"]
[BlackElo "2044"]
[WhiteTeam "Wales"]
[BlackTeam "Uzbekistan"]
[WhiteFideId "414930"]
[BlackFideId "14201771"]
[EventDate "2014.08.02"]

1. d4 d5 2. Nf3 Nf6 3. c3 Bf5 4. Qb3 Qc8 5. Bg5 Nbd7 6. Nbd2 e6 7. e3 Be7 8. h3
h6 9. Bf4 c5 10. Be2 c4 11. Qd1 b5 12. a3 O-O 13. g4 Bh7 14. g5 Nh5 15. gxh6
Nxf4 16. exf4 gxh6 17. Ne5 Nxe5 18. fxe5 Kh8 19. Bh5 Bg6 20. Bxg6 fxg6 21. Qg4
Kh7 22. Rg1 g5 23. Nf3 Rf4 24. Qg3 Qf8 25. Ke2 Qf5 26. Ne1 Rh4 27. Rd1 Rf8 28.
Rh1 Qe4+ 29. Kd2 Qxh1 30. Ng2 Rxh3 31. Qg4 Rxf2+ 32. Kc1 Rxg2 33. Qxe6 Qxd1+ 0-1

[Event "41st Olympiad Women 2014"]
[Site "Tromso NOR"]
[Date "2014.08.08"]
[Round "6.24"]
[Board "4"]
[White "Sabirova, Olga"]
[Black "Roberts, Lynda"]
[Result "1-0"]
[WhiteTitle "WIM"]
[BlackTitle "WCM"]
[WhiteElo "2099"]
[BlackElo "1920"]
[WhiteTeam "Uzbekistan"]
[BlackTeam "Wales"]
[WhiteFideId "14200201"]
[BlackFideId "1800191"]
[EventDate "2014.08.02"]

1. e4 c5 2. d3 e6 3. g3 d5 4. Nc3 Nc6 5. Bg2 Nf6 6. Nge2 d4 7. Nb1 Be7 8. O-O
Bd7 9. a4 h5 10. Na3 e5 11. f4 h4 12. Nc4 hxg3 13. Nxg3 Ng4 14. h3 Bh4 15. Nf5
Bxf5 16. exf5 Ne3 17. Nxe3 dxe3 18. Bxe3 Qf6 19. Bxc5 O-O-O 20. Qg4 exf4 21.
Qxf4 Nd4 22. Qe4 Nc6 23. a5 Rhe8 24. Qf3 a6 25. d4 Rd7 26. c3 Qh6 27. d5 Ne5 28.
Qe4 Bg3 29. b4 Rg8 30. b5 g6 31. f6 Rh8 32. bxa6 Qd2 33. d6 Rxh3 34. axb7+ Kb8
35. Ba7+ Kxa7 36. b8=Q+ Kxb8 37. Qa8# 1-0

[Event "41st Olympiad Women 2014"]
[Site "Tromso NOR"]
[Date "2014.08.08"]
[Round "6.25"]
[Board "1"]
[White "Baciu, Diana"]
[Black "Arakhamia-Grant, Ketevan"]
[Result "1/2-1/2"]
[WhiteTitle "WIM"]
[BlackTitle "GM"]
[WhiteElo "2294"]
[BlackElo "2394"]
[WhiteTeam "Moldova"]
[BlackTeam "Scotland"]
[WhiteFideId "13903284"]
[BlackFideId "13600168"]
[EventDate "2014.08.02"]

1. e4 c5 2. Nf3 e6 3. b3 Nc6 4. Bb2 d5 5. Bb5 Nf6 6. exd5 exd5 7. Qe2+ Be6 8.
Ng5 Qd7 9. Nxe6 fxe6 10. O-O O-O-O 11. d4 a6 12. Bxc6 Qxc6 13. Nd2 Kb8 14. c4
Bd6 15. Rac1 Qb6 16. b4 Qxb4 17. Bc3 Qa3 18. Nb1 Qa4 19. dxc5 Bc7 20. Be5 Qc6
21. Bxc7+ Kxc7 22. Qe5+ Kc8 23. Nd2 d4 24. Nb3 d3 25. Na5 Qc7 26. Qxe6+ Kb8 27.
Qb6 Ne4 28. Nb3 Rc8 29. Qb4 Nxc5 30. Rb1 Nxb3 31. Qxb3 Rhd8 32. Rfd1 Rd4 33.
Rxd3 Rxc4 34. g3 Qc6 35. Rd6 Qe4 36. Rbd1 Rc2 37. Rd7 R2c7 38. Rxc7 Rxc7 39. Rb1
h5 40. h4 Qc6 41. Rd1 Qc5 42. a4 Re7 43. Qf3 Ka7 44. Kg2 g6 45. Rd5 Qc6 46. a5
Re6 47. Qd3 Rd6 48. Qd4+ Ka8 49. Qh8+ Ka7 50. Qd4+ Ka8 51. Qh8+ Ka7 52. Qd4+ Ka8 1/2-1/2

[Event "41st Olympiad Women 2014"]
[Site "Tromso NOR"]
[Date "2014.08.08"]
[Round "6.25"]
[Board "2"]
[White "Bamber, Elaine"]
[Black "Petrenko, Svetlana"]
[Result "1/2-1/2"]
[WhiteTitle "WFM"]
[BlackTitle "IM"]
[WhiteElo "2077"]
[BlackElo "2205"]
[WhiteTeam "Scotland"]
[BlackTeam "Moldova"]
[WhiteFideId "2401428"]
[BlackFideId "13900196"]
[EventDate "2014.08.02"]

1. e4 c5 2. Nf3 d6 3. Bb5+ Bd7 4. Bxd7+ Qxd7 5. b3 e5 6. O-O Nf6 7. Re1 Nc6 8.
Bb2 Be7 9. Na3 O-O 10. c3 Qg4 11. h3 Qh5 12. d3 Nd7 13. Nc4 f5 14. Ne3 f4 15.
Nd5 Bd8 16. Nd2 Qg6 17. Qg4 Qxg4 18. hxg4 Nf6 19. Nc4 Ne8 20. a4 Kf7 21. g3 Ke6
22. Bc1 fxg3 23. fxg3 Na5 24. Nxa5 Bxa5 25. b4 cxb4 26. cxb4 Bd8 27. Kg2 Nc7 28.
Nxc7+ Bxc7 29. Be3 Bb6 30. Bxb6 axb6 31. a5 Rfc8 32. axb6 Rxa1 33. Rxa1 Rc6 34.
Kf3 Rxb6 35. Rb1 d5 36. g5 dxe4+ 37. dxe4 Kf7 38. Kg4 Kg6 39. Rd1 h6 40. gxh6
gxh6 41. Rd5 h5+ 42. Kh4 Rxb4 43. Rd6+ Kf7 44. Kxh5 Rxe4 45. Rb6 Re1 46. Kg4 Rf1
47. Rxb7+ Ke6 48. Ra7 e4 49. Ra6+ Kd5 50. Ra5+ Kd4 51. Ra4+ Kd3 52. Ra3+ Kd2 53.
Ra2+ Kd3 54. Ra3+ 1/2-1/2